Fardhu 'ain khusus wanita

Bibliographic Details
Main Author: Nur Hidayah Abdullah
Corporate Author: Tittle
Format: Book
Published: Kuala Lumpur : Darul Nu'man , 2000
Subjects:

MARC

LEADER 00000cam a2200000 7i4500
001 0000013059
005 20080107.0
008 080107
020 |a 983046007X 
090 0 0 |a 297.31   |b NUR 
100 0 |a Nur Hidayah Abdullah 
245 1 0 |a Fardhu 'ain khusus wanita   |c Nur Hidayah Abdullah 
260 |a Kuala Lumpur :   |b Darul Nu'man ,   |c 2000 
650 0 |a Islam   |x Doctrines 
650 0 |a Pillars of Islam 
650 0 |a Women in Islam 
710 1 |a Tittle 
999 |a 0000796661   |b Book   |c Adult Collection   |e Cawangan Segamat 
999 |a 0000798304   |b Book   |c Adult Collection   |e Cawangan Pontian 
999 |a 0000810797   |b Book   |c Adult Collection   |e Cawangan Bandar Penawar 
999 |a 0000818427   |b Book   |c Adult Collection   |e Cawangan Mersing 
999 |a 0000922341   |b Book   |c Adult Collection   |e Cawangan Bukit Gambir 
999 |a 0000933940   |b Book   |c Adult Collection   |e Cawangan Tangkak 
999 |a 0000933941   |b Book   |c Adult Collection   |e Cawangan Tangkak 
999 |a 0001005393   |b Book   |c Adult Collection   |e Cawangan Kota Tinggi 
999 |a 0001005394   |b Book   |c Adult Collection   |e Perbadanan Perpustakaan Awam Johor 
999 |a 0001005395   |b Book   |c Adult Collection   |e Perbadanan Perpustakaan Awam Johor 
999 |a 0001005622   |b Book   |c Adult Collection   |e Cawangan AEON Kulaijaya 
999 |a 0001005624   |b Book   |c Adult Collection   |e Perbadanan Perpustakaan Awam Johor